Marketing internacional avanzado

Furkejuvvon:
Bibliográfalaš dieđut
Váldodahkki: Bertrán, Josep (Dahkki)
Materiálatiipa: Girji
Giella:espánnjágiella
Almmustuhtton: Madrid McGraw Hill 1997
Ráidu:Serie McGraw Hill de Management
Fáttát:
Fáddágilkorat: Lasit fáddágilkoriid
Eai fáddágilkorat, Lasit vuosttaš fáddágilkora!

MARC

LEADER 00000nam a2200000 a 4500
001 UCO6031
003 CL-VaPUC
008 001006e19970000SP |||||||||||||||||spa|d
082 0 4 |a 658.848  |b BER  |2 21 
100 0 |a Bertrán, Josep  |e author  |9 450844 
245 1 0 |a Marketing internacional avanzado 
300 |a 264 p 
942 |c BK 
945 |d 20001006 00:00:00  |a vberengu 
260 |a Madrid  |b McGraw Hill  |c 1997 
650 7 |a CANALES DE DISTRIBUCION  |2 CL-VaPUC  |9 450845 
650 7 |a COMERCIO INTERNACIONAL  |2 CL-VaPUC  |9 450846 
650 7 |a ESTUDIO DE MERCADO  |2 CL-VaPUC  |9 350124 
650 7 |a FORMAS DE PAGO  |2 CL-VaPUC  |9 410201 
650 0 |a Marketing  |9 259324 
650 0 |a Planificación estratégica   |9 259735 
650 7 |a PRODUCTOS  |2 CL-VaPUC  |9 338640 
583 |a last modification  |c 20001006 00:00:00  |k Rodrigo Vera 
490 0 |a Serie McGraw Hill de Management 
999 |c 291825  |d 291823 
952 |0 0  |1 0  |4 0  |6 658_848000000000000_BER_1997  |7 0  |8 A  |9 342052  |a BIBENE  |b BIBENE  |d 2019-11-20  |i 3656861  |o 658.848 BER 1997  |p 3656861  |r 2025-01-15  |w 2019-11-20  |y BK  |k ICO